Die 2 größten Städte pro Land #1 - Statistiken

Allgemein
  • Dieses Quiz wurde 140 mal gespielt
  • Das Durchschnittsergebnis liegt bei 47 aus 128
Antwortstatistiken
Land Städte % Korrekt
Ägypten Kairo
94%
Deutschland Berlin
88%
Hamburg
86%
Afghanistan Kabul
85%
Albanien Tirana
85%
Algerien Algier
83%
Andorra Andorra la Vella
83%
Argentinien Buenos Aires
83%
Frankreich Paris
83%
Australien Sydney
83%
Griechenland Athen
82%
Belarus Minsk
82%
Finnland Helsinki
81%
Peking
81%
Großbritannien London
80%
Bulgarien Sofia
80%
Dänemark Kopenhagen
79%
Melbourne
79%
Estland Tallinn
78%
Marseille
76%
China Shanghai
76%
Brasilien São Paulo
75%
Aserbaidschan Baku
74%
Rio de Janeiro
73%
Chile Santiago
73%
Bosnien undHerzegovina Sarajevo
73%
Alexandria
72%
Iran Teheran
72%
Irak Bagdad
70%
Indonesien Jakarta
68%
Georgien Tiflis
68%
Indien Mumbai
65%
Äthiopien AddisAbeba
63%
Belgien Antwerpen
63%
Birmingham
63%
Delhi
63%
Bangladesch Dhaka
63%
Angola Luanda
63%
Quito
61%
Armenien Jerewan
60%
El Salvador San Salvador
59%
Guatemala Guatemala-Stadt
58%
La Paz
57%
Thessaloniki
56%
Ghana Accra
55%
Bahamas Nassau
54%
Dschibuti Dschibuti
53%
Gent
53%
Haiti Port-au-Prince
53%
Costa Rica San José
52%
DominikanischeRepublik Santo Domingo
51%
Guinea-Bissau Bissau
50%
Bahrain Manama
50%
Aarhus
43%
Botswana Gaborone
43%
Guyana Georgetown
43%
Honduras Tegucigalpa
43%
Belmopan
42%
Eritrea Asmara
40%
Bhutan Thimphu
40%
Fidschi Suva
39%
Barbados Bridgetown
38%
Guinea Conakry
38%
Burkina Faso Ouagadougou
38%
Brunei Bandar Seri Begawan
36%
Malabo
33%
Dominica Roseau
33%
Gabun Libreville
32%
Mbabane
31%
Grenada Saint George's
30%
Belize Belize
28%
Cordoba
26%
Espoo
24%
Oran
22%
Chittagong
21%
Ecuador Guayaquil
21%
Surabaya
20%
Benin Cotonou
19%
Plowdiw
19%
Banja Luka
18%
Burundi Bujumbura
17%
Homel
15%
Kandahar
15%
Basra
14%
Bolivien Santa Cruz dela Sierra
10%
Tartu
10%
Batumi
9%
Kumasi
8%
Valparaíso
8%
Francistown
6%
San Pedro Sula
5%
Gjumri
4%
Maschhad
4%
Cook-Inseln Avarua
3%
Ganja
3%
Eswatini Manzini
3%
Gambia Serekunda
3%
Äquatorial-guinea Bata
2%
Bobo‑Dioulasso
2%
Gabú
2%
Rugombo
2%
Santiago de los Caballeros
2%
Speightstown
2%
Abomey-Calavi
1%
All Saints
1%
Brikama
1%
Carrefour
1%
Durrësi
1%
Gondar
1%
Gouyave
1%
Keren
1%
Kuala Belait
1%
Les Escalades
1%
Linden
1%
Lubango
1%
Mixco
1%
Nzérékoré
1%
Phuentsholing
1%
Port-Gentil
1%
Portsmouth
1%
Puerto Limón
1%
Ali Sabine
0%
Al Muḩarraq
0%
Lucaya
0%
Nasinu
0%
Oneroa
0%
Antigua undBarbuda Saint John´s
0%
Soyapango
0%
Keine übereinstimmenden Quizze gefunden
Verteilung der Resultate
Anzahl Personen mit jedem Resultat
Perzentil nach korrekt beantworteten Fragen
Ihre Resultats-Entwicklung
Sie haben dieses Quiz noch nicht gespielt